The Home As God Would Have It / (Record no. 4122)

MARC details
000 -LEADER
fixed length control field 00545nam a22001817a 4500
003 - CONTROL NUMBER IDENTIFIER
control field GBCCL
005 - DATE AND TIME OF LATEST TRANSACTION
control field 20241126110511.0
008 - FIXED-LENGTH DATA ELEMENTS--GENERAL INFORMATION
fixed length control field 180112b xxu||||| |||| 00| 0 eng d
040 ## - CATALOGING SOURCE
Transcribing agency gbc
082 ## - DEWEY DECIMAL CLASSIFICATION NUMBER
Classification number 248.844
Item number SEW
100 ## - MAIN ENTRY--PERSONAL NAME
Personal name Sewell, Daisy McQuigg
9 (RLIN) 7875
245 ## - TITLE STATEMENT
Title The Home As God Would Have It /
Statement of responsibility, etc. Daisy McQuigg Sewell
260 ## - PUBLICATION, DISTRIBUTION, ETC.
Name of publisher, distributor, etc. Firm Foundation Publishing House,
Place of publication, distribution, etc. Texas:
Date of publication, distribution, etc. 1937
300 ## - PHYSICAL DESCRIPTION
Extent 251 p.;
Dimensions 17 cm.
440 ## - SERIES STATEMENT/ADDED ENTRY--TITLE
Title Training for Service Series
9 (RLIN) 7876
650 ## - SUBJECT ADDED ENTRY--TOPICAL TERM
Topical term or geographic name entry element Family
Form subdivision Christian home
General subdivision parenting
9 (RLIN) 9415
942 ## - ADDED ENTRY ELEMENTS (KOHA)
Source of classification or shelving scheme Dewey Decimal Classification
Koha item type Books
Koha issues (borrowed), all copies 4
Holdings
Withdrawn status Lost status Source of classification or shelving scheme Damaged status Not for loan Home library Current Library Shelving location Date acquired Total checkouts Full call number Barcode Date last seen Date last checked out Copy number Price effective from Koha item type
    Dewey Decimal Classification     GRACE BIBLE COLLEGE GRACE BIBLE COLLEGE Ministry & Mission 2018-01-12 4 248.844 SEW 006637 2022-08-12 2022-08-01 c.1 2018-01-12 Books
© Grace Bible College Library 2025